LEADER 01182nam a2200253 i 4500 001 991000689529707536 005 20020507172309.0 008 940111s1992 ||| ||| | ita 035 $ab10743509-39ule_inst 035 $aLE01300754$9ExL 040 $aDip.to Matematica$beng 082 0 $a515.353 084 $aAMS 76D 100 1 $aBiffi, Rosanna$0534662 245 10$aApplicazione della teoria dei sistemi dinamici al problema della soluzione delle equazioni di Navier-Stokes bidimensionali. Tesi di laurea /$claureanda Rosanna Biffi ; relat. C. Tebaldi 260 $aLecce :$bUniversità degli studi. Facoltà di Scienze. Corso di laurea in Matematica,$ca.a. 1992-93 650 4$aIncompressible viscous fluids 700 1 $aTebaldi, Claudio 907 $a.b10743509$b02-04-14$c28-06-02 912 $a991000689529707536 945 $aLE013 TES 1992/93 BIF1$g1$iLE013N-3108$lle013$o-$pE0.00$q-$rl$s- $t0$u0$v0$w0$x0$y.i10834989$z28-06-02 996 $aApplicazione della teoria dei sistemi dinamici al problema della soluzione delle equazioni di Navier-Stokes bidimensionali. Tesi di laurea$9910763 997 $aUNISALENTO 998 $ale013$b01-01-94$cm$da $e-$feng$gxx $h0$i1 LEADER 01053nam a2200313 i 4500 001 991001134089707536 005 20020507183902.0 008 970327s1992 ne ||| | eng 020 $a0444880585 035 $ab1080559x-39ule_inst 035 $aLE01307589$9ExL 040 $aDip.to Matematica$beng 082 0 $a510 084 $aAMS 68T 084 $aQA335.5.T87 100 1 $aTuring, Alan Mathison$053370 245 10$aMechanical intelligence /$ced. D. C. Ince 260 $aAmsterdam :$bNorth-Holland,$c1992 300 $axix, 227 p. ;$c25 cm. 490 0 $aCollected works of A. M. Turing 650 4$aArtificial intelligence 650 4$aCollected works-Turing, Alan M. 700 1 $aInce, Darrel 907 $a.b1080559x$b23-02-17$c28-06-02 912 $a991001134089707536 945 $aLE013 01A75 TUR11 V.II (1992)$cV. 2$g1$i2013000081076$lle013$o-$pE0.00$q-$rl$s- $t0$u0$v0$w0$x0$y.i10910190$z28-06-02 996 $aMechanical intelligence$9337341 997 $aUNISALENTO 998 $ale013$b01-01-97$cm$da $e-$feng$gne $h0$i1